[Event "39th Open"]
[Site "Mislata ESP"]
[Date "2005.08.20"]
[Round "3"]
[White "Balada Moreno,J"]
[Black "Abreu,A"]
[Result "0-1"]
[WhiteElo "2206"]
[BlackElo "2442"]

1.Nf3 d5 2.g3 Nf6 3.Bg2 c6 4.O-O Bf5 5.d3 h6 6.Nbd2 e6 7.c4 Nbd7 8.b3 Be7
9.Bb2 O-O 10.h3 a5 11.Re1 Bh7 12.e4 Nc5 13.Bxf6 Bxf6 14.e5 Be7 15.d4 Nd3
16.Rf1 a4 17.cxd5 cxd5 18.Ne1 Bb4 19.Ndf3 Nxe1 20.Nxe1 Qa5 21.Rc1 Ba3 22.b4 Bxb4
23.Nc2 Bd2 24.Ra1 Qc3 25.Ne1 Qb2  0-1

[Event "Masters"]
[Site "Abu Dhabi UAE"]
[Date "2005.08.21"]
[Round "7"]
[White "Rausis,I"]
[Black "Prasad,D"]
[Result "1/2-1/2"]
[WhiteElo "2498"]
[BlackElo "2359"]

1.Nf3 d5 2.g3 Nf6 3.Bg2 c6 4.O-O Bg4 5.d4 e6 6.Nbd2 Nbd7 7.Re1 Be7 8.e4 dxe4
9.Nxe4 Nxe4 10.Rxe4 Nf6 11.Re1 O-O 12.c3 Qb6 13.Qb3 Qxb3 14.axb3 Bxf3 15.Bxf3 a6
16.b4 Rad8 17.Kf1 Nd5 18.Re2 Rd7 19.Bd2 Rfd8 20.Ke1 h6 21.Kd1 Kf8 22.Kc2 Bd6
23.Bg2 Be7 24.Kb3 Bd6 25.Bf3 Bc7 26.h4 Re7 27.Rae1 Ke8 28.Bg2 Kf8 29.Bf3 Ke8
30.Kc2 Bd6 31.Bg2 Kf8 32.h5 Rde8 33.f4 f5 34.Bf3 Kf7 35.Kb3 b5 36.Ra1 Ra8
37.Ree1 Rea7 38.Kc2 a5 39.bxa5 Rxa5 40.Rxa5 Rxa5 41.g4 Ra6 42.gxf5 exf5 43.Bg2 Ra7
44.Bh3 Re7 45.Bxf5 Rxe1 46.Bg6+ Ke7 47.Bxe1 Bxf4 48.b3 Bg5 49.c4 bxc4 50.bxc4 Nf4
51.Bb4+ Kd7 52.Bf7 Be7 53.Bd2 Bd6 54.c5 Bc7 55.Kc3 Ke7 56.Bxf4 Bxf4 57.Bb3 Kd7
58.Kd3 Bh2 59.Ke4 Bg1 60.Ba4  1/2-1/2

[Event "Masters"]
[Site "Abu Dhabi UAE"]
[Date "2005.08.21"]
[Round "7"]
[White "Anastasian,A"]
[Black "Goloshchapov,A"]
[Result "1/2-1/2"]
[WhiteElo "2595"]
[BlackElo "2519"]

1.Nf3 d5 2.g3 c6 3.Bg2 Bg4 4.O-O Nd7 5.d3 Ngf6 6.Nbd2 e5 7.e4 dxe4 8.dxe4 Bc5
9.Qe1 O-O 10.h3 Bh5 11.Nc4 Re8 12.b4 Bf8 13.Bb2 Bxf3 14.Bxf3 Qe7 15.a3 Qe6
16.Qe2 Qxh3 17.Rfd1 Qe6 18.Rd2 b5 19.Na5 Nb6 20.c4 Nxc4 21.Nxc4 bxc4 22.Rc2 a5
23.bxa5 Reb8 24.Bc1 Rb3 25.Be3 c3 26.Qd3 Rxa5 27.Rxc3 Rxc3 28.Qxc3 Ra4 29.Qd3 Qd6
30.Qc2 Rxa3 31.Rxa3 Qxa3 32.Qxc6 Qd6 33.Qb7 g6 34.Be2 Kg7 35.Bc4 Be7 36.Bg5 Ng8
37.Be3 h5 38.Qd5 Qxd5 39.Bxd5 Nf6 40.Bc6 Bb4 41.f3 Bc3 42.Kg2 Bd4 43.Bg5 Ng8
44.Bd8 f6 45.Bd5 Nh6 46.Be7 Be3 47.Kh3 Nf7 48.Kg2 f5 49.exf5 gxf5 50.Be6 Kg6
51.g4 hxg4 52.fxg4 fxg4  1/2-1/2

[Event "ch-AUT Qualifier"]
[Site "Gmunden AUT"]
[Date "2005.08.21"]
[Round "9"]
[White "Egger,M"]
[Black "Kuran,A"]
[Result "1/2-1/2"]
[WhiteElo "2054"]
[BlackElo "2016"]

1.Nf3 d5 2.g3 c6 3.Bg2 Nf6 4.O-O Bf5 5.d3 e6 6.b3 Nbd7 7.Bb2 h6 8.Nbd2 Be7
9.Qe1 O-O 10.e4 dxe4 11.dxe4 Bh7 12.Qe2 Qc7 13.Rad1 Rfd8 14.Kh1 Rac8 15.Nh4 Nc5
16.Qc4 b5  1/2-1/2

[Event "3rd Staunton Memorial"]
[Site "London ENG"]
[Date "2005.08.21"]
[Round "3"]
[White "McNab,C"]
[Black "Houska,Jo"]
[Result "1-0"]
[WhiteElo "2451"]
[BlackElo "2342"]

1.Nf3 d5 2.g3 Nf6 3.Bg2 e6 4.b3 c5 5.c4 Nc6 6.e3 Be7 7.O-O O-O 8.Bb2 b6 9.Qe2 Bb7
10.Rd1 Qc7 11.Nc3 dxc4 12.bxc4 Rad8 13.d3 Qb8 14.Rac1 Rd7 15.Rc2 Rfd8 16.Rcd2 Qa8
17.Ne1 Na5 18.f4 Bxg2 19.Nxg2 a6 20.g4 Qb7 21.g5 Ne8 22.Ne4 b5 23.Bc3 Nc6
24.Rb1 Nb4 25.Nf2 Qa8 26.Ne1 Nd6 27.a3 Nc6 28.Nf3 Nf5 29.Ng4 Bd6 30.Ba1 Bc7
31.Kf2 Ba5 32.Rdd1 Rb8 33.cxb5 axb5 34.Qb2 b4 35.Nh6+ Kf8 36.Nxf5 f6 37.Nxg7 Rxg7
38.Qxf6+ Rf7 39.Qh6+ Ke7 40.Bf6+ Kd7 41.axb4 cxb4 42.d4 Bb6 43.Ra1 Ba7 44.d5 exd5
45.Rxd5+ Ke8 46.Be5 Ne7 47.Rxa7 Qxa7 48.Bxb8 Qxb8 49.Qe6 Qa7 50.Rd4 Qb7 51.Ne5 Rf5
52.Nc4 Qh1 53.Nd6+ Kf8 54.Qh6+  1-0

[Event "Masters"]
[Site "Abu Dhabi UAE"]
[Date "2005.08.22"]
[Round "8"]
[White "Jasim,A"]
[Black "Al Sulaiti,G"]
[Result "1-0"]
[WhiteElo "2318"]
[BlackElo "2076"]

1.Nf3 d5 2.g3 c6 3.Bg2 Nf6 4.O-O Bg4 5.c4 e6 6.d3 Be7 7.Nc3 O-O 8.cxd5 cxd5
9.Qb3 Nbd7 10.h3 Nc5 11.Qd1 Bh5 12.b4 Ncd7 13.a3 a6 14.Bb2 b5 15.e3 Rc8 16.Ne2 Nb6
17.g4 Bg6 18.Ne5 Na4 19.Bd4 Nd7 20.Nxg6 hxg6 21.Rc1 a5 22.Qd2 Rxc1 23.Rxc1 axb4
24.axb4 Bd6 25.f4 Qe7 26.Rb1 Nb8 27.Ba1 Nc6 28.Nd4 Nxd4 29.Bxd4 g5 30.f5 Rc8
31.fxe6 fxe6 32.e4 Bf4 33.Be3 Nc3 34.Rf1 Qxb4 35.Bxf4 gxf4 36.Rxf4 Qd4+ 37.Kh1 e5
38.Rf5 dxe4 39.Bxe4 Nxe4 40.Qa2+ Rc4 41.Qa8+  1-0

[Event "13th Open"]
[Site "Nikaia GRE"]
[Date "2005.08.24"]
[Round "2"]
[White "Pavlovic,Mi"]
[Black "Stefanidis,I"]
[Result "1-0"]
[WhiteElo "2471"]
[BlackElo "1990"]

1.Nf3 d5 2.g3 c5 3.Bg2 Nc6 4.d4 cxd4 5.Nxd4 e5 6.Nxc6 bxc6 7.c4 Ne7 8.O-O Bb7
9.Qa4 Qd7 10.Rd1 Qg4 11.Qb3 Qc8 12.cxd5 cxd5 13.Nc3 Rb8 14.Qa4+ Bc6 15.Qh4 Ng6
16.Qh5 d4 17.Nd5 Bxd5 18.Bxd5 Qc2 19.Bd2 Qc5 20.Qf3 f6 21.Rac1 Qb6 22.Bc6+ Ke7
23.Qf5 Rd8 24.Ba4  1-0

[Event "13th Open"]
[Site "Nikaia GRE"]
[Date "2005.08.24"]
[Round "3"]
[White "Nikolaou,G"]
[Black "Trivizas,M"]
[Result "1-0"]
[WhiteElo "2288"]
[BlackElo "2058"]

1.Nf3 d5 2.g3 c5 3.Bg2 Nc6 4.O-O e5 5.d3 Nf6 6.Na3 Bd6 7.e4 d4 8.h3 O-O 9.Nh2 Ne8
10.Nc4 Be7 11.a4 Rb8 12.Bd2 b6 13.f4 f6 14.f5 a6 15.a5 b5 16.Nb6 Nd6 17.h4 Nf7
18.g4 b4 19.b3 Rb7 20.Bh3 g5 21.fxg6 hxg6 22.Nxc8 Qxc8 23.Qf3 g5 24.Rf2 Kg7
25.Nf1 Nfd8 26.Ng3 Ne6 27.Nf5+ Kg6 28.Rh2 Nf4 29.Bg2 Rh8 30.Bxf4 gxf4 31.Kf2 Bf8
32.Bh3 Qd8 33.g5 fxg5 34.Rg1 Rbh7 35.Rxg5+ Kf7 36.Qg4 Ke8 37.Rg6 Qd7 38.Rg8 Rxg8
39.Qxg8 Qf7 40.Nd6+  1-0

[Event "41st Rubinstein Mem Open A"]
[Site "Polanica Zdroj POL"]
[Date "2005.08.25"]
[Round "7"]
[White "Kocwin,B"]
[Black "Diczew,F"]
[Result "1/2-1/2"]
[WhiteElo "2232"]
[BlackElo "2127"]

1.Nf3 d5 2.g3 c5 3.Bg2 Nc6 4.O-O e5 5.d3 Be7 6.Nbd2 Be6 7.e4 d4 8.Nc4 Bf6
9.a4 h5 10.h4 Bg4 11.Bd2 Nge7 12.Qe1 Nc8 13.b4 Nd6 14.Nxd6+ Qxd6 15.b5 Nd8
16.Nh2 Qe7 17.f4 g6 18.Nxg4 hxg4 19.Qe2 exf4 20.Bxf4 Ne6 21.Qxg4 Nxf4 22.Rxf4 Be5
23.Rf3 Rg8 24.Raf1 f6 25.Bh3 Kf7 26.Kg2 Kg7 27.h5 Kh6 28.hxg6 Rxg6 29.Qd7 Qxd7
30.Bxd7 Kg7 31.Rh1 Rh8 32.Rxh8 Kxh8 33.Bf5 Rg8 34.Be6 Rg6 35.Bf5 Rg8 36.g4 Kg7
37.Rh3 Rh8 38.Rh5 Rxh5 39.gxh5 Kh6 40.Bg6 Kg5 41.Kf3 Bd6 42.a5 Bc7 43.a6 bxa6
44.bxa6 Bd6 45.Bf7 Bc7 46.Be8 Bd6 47.Bg6 Bc7 48.Be8 Be5 49.Bf7 Bc7 50.Bg6 Bd6
51.Bf7 Bc7 52.Be8  1/2-1/2

[Event "49th TCh-ESP Honor 1"]
[Site "Merida ESP"]
[Date "2005.08.26"]
[Round "3"]
[White "Markowski,T"]
[Black "Lopez Martinez,J"]
[Result "0-1"]
[WhiteElo "2564"]
[BlackElo "2507"]

1.g3 d5 2.Nf3 Nf6 3.Bg2 c6 4.O-O Bf5 5.d3 h6 6.c4 e6 7.cxd5 cxd5 8.Qb3 Qb6
9.Qxb6 axb6 10.Nc3 Nc6 11.Nb5 Kd7 12.Bf4 Bg4 13.Rfc1 Bc5 14.d4 Bxf3 15.Bxf3 Be7
16.e3 Rhc8 17.Be2 g5 18.Be5 Nxe5 19.dxe5 Ne4 20.a3 f6 21.exf6 Bxf6 22.Nd4 Bxd4
23.exd4 Nd2 24.Re1 Rf8 25.Kg2 Ne4 26.Bb5+ Kd6 27.Re2 g4 28.Bd3 Ng5 29.Rd1 Rf6
30.Re3 Raf8 31.Rf1 Nf3 32.Rd1 Nxd4 33.Rd2 Nf3 34.Rde2 e5 35.Bb1 Rc8 36.Rc2 Rxc2
37.Bxc2 e4 38.h3 h5  0-1

[Event "13th Open"]
[Site "Nikaia GRE"]
[Date "2005.08.28"]
[Round "7"]
[White "Pavlovic,Mi"]
[Black "Managadze,N"]
[Result "1-0"]
[WhiteElo "2471"]
[BlackElo "2440"]

1.Nf3 d5 2.g3 c6 3.Bg2 Bg4 4.O-O Nd7 5.d4 Ngf6 6.Nbd2 e6 7.Re1 Be7 8.e4 dxe4
9.Nxe4 Nxe4 10.Rxe4 Bf5 11.Re1 O-O 12.c3 h6 13.Qb3 Qb6 14.Bf4 Rfe8 15.Nd2 g5
16.Be3 Qc7 17.f4 g4 18.Nc4 Nb6 19.Ne5 f6 20.Be4 Nd5 21.Bxf5 exf5 22.Ng6 Bf8
23.Bf2 Re4 24.c4 Nb6 25.Rxe4 fxe4 26.f5 Re8 27.Be3 Qf7 28.Rc1 h5 29.Qc2 Nc8
30.b3 Nd6 31.Qf2 Qd7 32.Rf1 Nf7 33.Qd2 Kh7 34.Nf4 Ng5 35.Nxh5 Nh3+ 36.Kg2 Qf7
37.Nf4 Ng5 38.Qe2 Nf3 39.Rh1 Kg8 40.h3 gxh3+ 41.Rxh3 Qd7 42.c5 Qf7 43.Ne6 Rxe6
44.fxe6 Qxe6 45.Qc4 Qxc4 46.bxc4 Bg7 47.Rh1 f5 48.d5 Ne5 49.d6 Nxc4 50.Bg5 Ne5
51.Rb1 b5 52.cxb6 axb6 53.Rxb6 Bf8 54.Bf4 Bxd6 55.a4 e3 56.Bxe5 Bxe5 57.Rxc6 e2
58.Kf2 Bxg3+ 59.Kxe2 Kf7 60.a5 Ke7 61.a6 Bb8 62.Rc8  1-0

[Event "Premiership International"]
[Site "Coulsdon ENG"]
[Date "2005.08.30"]
[Round "2"]
[White "Grunberg,M"]
[Black "Deutsch,E"]
[Result "1-0"]
[WhiteElo "2418"]
[BlackElo "2374"]

1.Nf3 d5 2.g3 c6 3.Bg2 Bg4 4.c4 dxc4 5.Na3 Nf6 6.Nxc4 Nbd7 7.O-O e6 8.d4 Be7
9.Qb3 Nb6 10.Na5 Qc8 11.e4 O-O 12.Ne5 Bh5 13.Be3 Ng4 14.Nxg4 Bxg4 15.f3 Bh5
16.Rac1 Qd7 17.a4 Kh8 18.Rf2 Rab8 19.Nc4 Nxc4 20.Qxc4 Rfc8 21.a5 a6 22.g4 Bg6
23.f4 f5 24.gxf5 exf5 25.e5 Bd8 26.e6 Qc7 27.b4 Bh4 28.Rfc2 Be8 29.d5 Be7
30.Bb6 Qd6 31.Bc5 Qd8 32.Rd1 cxd5 33.Rxd5 Bxc5+ 34.Qxc5 Rxc5 35.Rxd8 Rxd8
36.Rxc5 g6 37.Bxb7 Bb5 38.Rxb5  1-0

[Event "Paul Keres Mem A"]
[Site "Tallinn EST"]
[Date "2005.08.31"]
[Round "2"]
[White "Kengis,E"]
[Black "Rytshagov,M"]
[Result "1/2-1/2"]
[WhiteElo "2534"]
[BlackElo "2455"]

1.Nf3 d5 2.g3 c5 3.Bg2 Nc6 4.d4 e6 5.O-O cxd4 6.Nxd4 Bc5 7.Nb3 Bb6 8.c4 Nf6
9.cxd5 Nxd5 10.Nc3 Nxc3 11.Qxd8+ Nxd8 12.bxc3 Bd7 13.c4 Rc8 14.Bb2 Rxc4 15.Bxg7 Rg8
16.Bf6 Bc6 17.Rfd1 Bxg2 18.Kxg2 Nc6 19.e3 Rg6 20.Bb2 Rg5 21.Rac1 Rxc1 22.Rxc1 Rb5
23.Ba3 Bd8 24.Bc5  1/2-1/2

[Event "BDO Masters"]
[Site "Haarlem NED"]
[Date "2005.09.02"]
[Round "7"]
[White "Hartoch,R"]
[Black "Michielsen,J"]
[Result "1/2-1/2"]
[WhiteElo "2272"]
[BlackElo "2320"]

1.Nf3 d5 2.g3 Bg4 3.Bg2 Nd7 4.O-O c6 5.d3 e6 6.Nbd2 Bd6 7.e4 Ne7 8.h3 Bh5
9.Qe1 O-O 10.b3 Qc7  1/2-1/2

[Event "Paul Keres Mem A"]
[Site "Tallinn EST"]
[Date "2005.09.02"]
[Round "6"]
[White "Seeman,T"]
[Black "Rytshagov,M"]
[Result "1/2-1/2"]
[WhiteElo "2405"]
[BlackElo "2455"]

1.Nf3 d5 2.g3 Nc6 3.d4 Bg4 4.Nbd2 Qd6 5.Bg2 O-O-O 6.O-O Nf6 7.c4 dxc4 8.Nxc4 Qb4
9.Nce5 Bxf3 10.Nxf3 Nxd4 11.Nxd4 Rxd4 12.Qc2 Qc4 13.Qb1 Qxe2 14.Be3 Rb4 15.b3 e6
16.a3 Rb5 17.Rc1 Qh5 18.Qc2 Bd6 19.a4 Rb4 20.Bd2 Rd4 21.Bc3 Rg4 22.Bxf6 gxf6
23.Qd1 Rd8 24.Qf3 Kd7 25.Qxb7 Qa5 26.Qf3 f5 27.Rd1 Ke7 28.Rac1 Qb4 29.Bf1 Qe4
30.Qc3 Qe5 31.Qf3 Qe4 32.Qc3 Qe5 33.Qf3  1/2-1/2

[Event "Nordic Championships w"]
[Site "Vammala FIN"]
[Date "2005.09.02"]
[Round "7"]
[White "Hagesaether,E"]
[Black "De Blecourt,S"]
[Result "1/2-1/2"]
[WhiteElo "2190"]
[BlackElo "2069"]

1.Nf3 d5 2.g3 c5 3.Bg2 Nc6 4.O-O e5 5.d3 Bd6 6.e4 d4 7.a4 Nge7 8.Na3 O-O
9.Nd2 Be6 10.Ndc4 Bb8 11.Bd2 a6 12.a5 Bc7 13.Qe1 Rb8 14.f4 exf4 15.Bxf4 Nb4
16.Bxc7 Qxc7 17.Qe2 Rbd8 18.Nb6 Ng6 19.Nac4 f6 20.Rad1 Ne5 21.Nxe5 Qxe5 22.Qd2 Qc7
23.Rf4 Nc6 24.Ra1 Ne5 25.h3 Ng6 26.Rf3 Ne5 27.Rf2 Ng6 28.Kh2 h5 29.Rg1 h4
30.Bf1 Kh7 31.Qe2 hxg3+ 32.Rxg3 Nf4 33.Qf3 g5 34.Kg1 Ng6 35.Rh2 Kg7 36.h4 g4
37.Qf2 Qf4 38.Qxf4 Nxf4 39.Rf2 Ng6 40.Be2 Rh8 41.Bxg4 Bxg4 42.Rxg4 Rxh4 43.Rxh4 Nxh4
44.Rf4 Ng6 45.Rf5 Ne5 46.Nd5 c4 47.Nxf6 cxd3 48.Nh5+ Kg8 49.cxd3 Nxd3 50.b3 Nc1
51.Rc5 Nxb3 52.Rc7 d3 53.Nf6+ Kf8 54.Nh7+ Kg8 55.Nf6+ Kf8 56.Nh7+  1/2-1/2

[Event "Operation Capablanca"]
[Site "Vienna AUT"]
[Date "2005.09.02"]
[Round "9"]
[White "Markos,J"]
[Black "Braun,A"]
[Result "1/2-1/2"]
[WhiteElo "2495"]
[BlackElo "2475"]

1.Nf3 d5 2.g3 Nf6 3.Bg2 c6 4.O-O Bg4 5.d3 Nbd7 6.Nbd2 e5 7.e4 Bd6 8.h3 Bh5
9.exd5 Bxf3 10.Qxf3 Nxd5 11.Nc4 Bc7 12.Qg4 g6 13.Bg5 f6 14.Bh6 Qe7 15.a4 O-O-O
16.a5 a6 17.Ne3 Nxe3 18.Bxe3 f5 19.Qc4 f4 20.Ba7 Qd6 21.Be4 Nf6 22.b4 Nxe4
23.Qxe4 Qd5  1/2-1/2

[Event "Open A"]
[Site "Trieste ITA"]
[Date "2005.09.06"]
[Round "5"]
[White "Tratar,M"]
[Black "Jovanic,O"]
[Result "1-0"]
[WhiteElo "2419"]
[BlackElo "2447"]

1.Nf3 d5 2.g3 Nf6 3.Bg2 g6 4.d4 Bg7 5.c4 dxc4 6.Qa4+ Nfd7 7.Nbd2 a6 8.Qxc4 Nb6
9.Qc2 Nc6 10.Nb3 a5 11.O-O O-O 12.Rd1 Nb4 13.Qd2 Qe8 14.a3 N4d5 15.Qc2 c6
16.e4 a4 17.Nc5 Nc7 18.Be3 Ra5 19.d5 Nca8 20.Bd2 Rb5 21.Bb4 cxd5 22.exd5 Bf5
23.Qe2 Nc7 24.Nd4 Bxd4 25.Rxd4 Nc8 26.Nxa4 Nd6 27.Nc3 Rxb4 28.Rxb4 h5 29.Re1 Na6
30.Rd4 Qc8 31.Rc1 Qd7 32.b4 Nc7 33.a4 Ra8 34.a5 Nce8 35.Rdd1 Kf8 36.Bf1 Nf6
37.Qe3 Ng4 38.Qd4 f6 39.Be2 Ne5 40.f4 Ng4 41.Re1 Kf7 42.Nd1 h4 43.h3 Nh6
44.g4 Be4 45.Nf2 f5 46.g5 Ng8 47.Bd3 Re8 48.Re3 e6 49.Nxe4 fxe4 50.Bxe4 Ne7
51.dxe6+ Qxe6 52.Bd5  1-0

[Event "TCh-POL Ekstraliga"]
[Site "Lubniewice POL"]
[Date "2005.09.09"]
[Round "7"]
[White "Markowski,T"]
[Black "Krysztofiak,M"]
[Result "1/2-1/2"]
[WhiteElo "2564"]
[BlackElo "2401"]

1.Nf3 d5 2.g3 Nf6 3.Bg2 c6 4.O-O Bg4 5.d3 Nbd7 6.c4 e6 7.cxd5 exd5 8.h3 Bh5
9.Nc3 Bc5 10.Rb1 O-O 11.b4 Bb6 12.Na4 Bc7 13.Qc2 Re8 14.Re1 Qb8 15.Nd4 Bg6
16.Nc5 a6 17.Bd2 Qa7 18.a4 h6 19.Ndb3 Re7 20.Na5 Rae8 21.Kf1 Bxa5 22.Nxd7 Nxd7
23.bxa5 Nf8 24.Bb4 Rd7 25.Bxf8 Kxf8 26.Rb6 Ree7 27.h4 Bf5 28.Qc5 Be6 29.Reb1 Qa8
30.Kg1 Qc8 31.e3 Rc7 32.R1b4 Kg8 33.Bf3 Red7 34.Be2 Qf8 35.d4 Qxc5 36.dxc5 Re7
37.Bd3 Bc8 38.Rd4 g5 39.Kg2 Kg7 40.Rb1 f5 41.Rh1 Kf6 42.Kf1 Be6 43.Ke2 Bf7
44.Kd2 Bg6 45.Rb4 Rh7 46.Kc3 Bh5 47.Rh2 Bf3 48.Kd2 Ke5 49.g4 Be4 50.gxf5 Bxd3
51.Kxd3  1/2-1/2

[Event "TCh-FIN 2005-6"]
[Site "Helsinki FIN"]
[Date "2005.09.10"]
[Round "1"]
[White "Norri,J"]
[Black "Rytshagov,M"]
[Result "1/2-1/2"]
[WhiteElo "2400"]
[BlackElo "2455"]

1.Nf3 d5 2.g3 c5 3.Bg2 Nc6 4.d4 e6 5.O-O cxd4 6.Nxd4 Bc5 7.Nb3 Bb6 8.c4 Nf6
9.cxd5 Nxd5 10.Nc3 Nxc3  1/2-1/2

[Event "FSIMA September"]
[Site "Budapest HUN"]
[Date "2005.09.11"]
[Round "9"]
[White "Jakab,A"]
[Black "Woodward,T"]
[Result "1/2-1/2"]
[WhiteElo "2451"]
[BlackElo "2313"]

1.Nf3 d5 2.g3 c6 3.Bg2 Bg4 4.O-O Nd7 5.d3 Ngf6 6.Nbd2 e6 7.Qe1 Be7 8.e4 dxe4
9.dxe4 e5 10.Nc4 Bxf3 11.Bxf3 O-O 12.b3 Bc5 13.b4 Bd4 14.c3 Bb6 15.Qe2 Qe7
16.Nxb6 Nxb6 17.Be3 Qe6 18.a4 Nc4 19.Bg5 b5 20.axb5 cxb5 21.Rfd1  1/2-1/2

[Event "TCh-POL Ekstraliga"]
[Site "Lubniewice POL"]
[Date "2005.09.11"]
[Round "9"]
[White "Markowski,T"]
[Black "Gumula,D"]
[Result "1/2-1/2"]
[WhiteElo "2564"]
[BlackElo "2287"]

1.Nf3 d5 2.g3 Nc6 3.d4 Nf6 4.Bg2 Bf5 5.O-O e6 6.a3 Be7 7.b3 Ne4 8.Bb2 Bf6
9.c4 Qd7 10.e3 O-O-O 11.Nbd2 h5 12.Nxe4 Bxe4 13.h4 Ne7 14.Qe2 Nf5 15.Bh3 dxc4
16.bxc4 c5 17.Rfd1 Qa4 18.Rd2 Qb3 19.Bg2 Bxf3 20.Bxf3 cxd4 21.Rd3 Qa4 22.e4 Nh6
23.e5 Be7 24.Qe4 Qc6 25.Qxc6+ bxc6 26.Rxd4 Nf5 27.Rxd8+ Rxd8 28.Bxc6 Bc5
29.Bc3 Nxg3 30.Bb4 Bd4 31.Re1 Nf5 32.Re4 g5 33.hxg5 Rg8 34.Bd2 Bc5 35.Bc1 h4
36.Ba4 h3 37.Bf4 Rh8 38.Kh2 Bxf2 39.Re2 Bc5 40.Bc1  1/2-1/2

[Event "Autumn 1"]
[Site "Alushta UKR"]
[Date "2005.09.13"]
[Round "16"]
[White "Chuprikov,D"]
[Black "Ponfilenok,V"]
[Result "1/2-1/2"]
[WhiteElo "2416"]
[BlackElo "2271"]

1.Nf3 d5 2.g3 c6 3.Bg2 Bg4 4.O-O Nf6 5.d3 e6 6.c4 Nbd7 7.cxd5 exd5 8.Nc3 Bd6
9.h3 Bxf3 10.Bxf3 O-O  1/2-1/2

[Event "ch-Arab"]
[Site "Dubai UAE"]
[Date "2005.09.13"]
[Round "2"]
[White "Jasim,A"]
[Black "Ayyad,M"]
[Result "1/2-1/2"]
[WhiteElo "2318"]
[BlackElo "2074"]

1.Nf3 d5 2.g3 Nf6 3.Bg2 g6 4.b3 Bg7 5.Bb2 O-O 6.c4 c6 7.O-O Nbd7 8.d3 Re8
9.Nbd2 e5 10.cxd5 cxd5 11.e4 dxe4 12.dxe4 b5 13.Qe2 a6 14.Rfc1 Bb7 15.a4 Qb6
16.a5 Qd8 17.Ne1 Rc8 18.Rxc8 Qxc8 19.Nd3 Qb8 20.Rc1 Rc8 21.Rxc8+  1/2-1/2

[Event "ch-NED w"]
[Site "Leeuwarden NED"]
[Date "2005.09.15"]
[Round "9"]
[White "Van Weersel,A"]
[Black "Bensdorp,L"]
[Result "1-0"]
[WhiteElo "2173"]
[BlackElo "2108"]

1.Nf3 d5 2.g3 g6 3.Bg2 Bg7 4.O-O c6 5.d3 f5 6.Qe1 Nf6 7.Nc3 O-O 8.e4 e6 9.e5 Ng4
10.h3 Nh6 11.Bg5 Qc7 12.d4 Nf7 13.Bf4 h6 14.h4 b6 15.Qd2 Qe7 16.Ne2 Ba6 17.Rfe1 Nd7
18.Be3 Bxe2 19.Rxe2 Kh7 20.Rc1 Rac8 21.c4 Rfd8 22.cxd5 cxd5 23.Qd1 Nb8 24.Rec2 Qd7
25.Bf1 a6 26.Bd3 Bf8 27.Qe2 b5 28.Ne1 Nc6 29.a4 Na7 30.Rxc8 Rxc8 31.Rxc8 Qxc8
32.axb5 axb5 33.Bxb5 Nd8 34.Bd3 Nac6 35.Ng2 Qb7 36.Nf4 Qb4 37.h5 g5 38.Nxe6 Nxe6
39.Bxf5+ Kh8 40.Bxe6 Nxd4 41.Bxd4 Qxd4 42.Qf3  1-0

[Event "EYg16"]
[Site "Herceg Novi SCG"]
[Date "2005.09.16"]
[Round "3"]
[White "Kharashuta,E"]
[Black "Lazo,X"]
[Result "1-0"]
[WhiteElo "2188"]
[BlackElo "2036"]

1.Nf3 d5 2.g3 c6 3.Bg2 Bg4 4.c4 Nd7 5.cxd5 cxd5 6.Qb3 Bxf3 7.Bxf3 Nb6 8.a4 Qc8
9.Nc3 e6 10.d3 Nd7 11.Bf4 a6 12.Rc1 Nc5 13.Qa2 Qd8 14.O-O Bd6 15.Be3 Nd7
16.Qb3 Qb8 17.a5 Ne7 18.Na4 O-O 19.Nb6 Nxb6 20.Bxb6 Rc8 21.e4 dxe4 22.Bxe4 Nc6
23.Qa4 Nb4 24.Qd7 Nd5 25.Rxc8+ Qxc8 26.Qxd6  1-0

[Event "EYb18"]
[Site "Herceg Novi SCG"]
[Date "2005.09.17"]
[Round "4"]
[White "Bantic,M"]
[Black "Teitelbaums,A"]
[Result "0-1"]
[WhiteElo "2119"]
[BlackElo "2195"]

1.Nf3 d5 2.g3 Nf6 3.Bg2 c5 4.O-O Nc6 5.d3 e6 6.Nbd2 Be7 7.b3 O-O 8.Bb2 d4
9.e4 Nd7 10.Qe2 f5 11.exf5 exf5 12.Nc4 Bf6 13.Rae1 Nb6 14.Nce5 Nb4 15.c3 dxc3
16.Bxc3 N4d5 17.Ba5 f4 18.d4 cxd4 19.Nxd4 Qd6 20.Nc4 Qd7 21.Bxb6 Nxb6 22.Nxb6 axb6
23.Qc4+ Kh8 24.Ne6 Rg8 25.Nxf4 Rxa2 26.Nd5 Qd8 27.Qb4 Bf5 28.Re3 Bg5 29.Ne7 Bxe3
30.Nxf5 Bc5 31.Qg4 Qf6 32.Be4 g6 33.Nh4 Rxf2  0-1

[Event "4th Kesarovski - Georgiev Memorial"]
[Site "Sunny Beach BUL"]
[Date "2005.09.17"]
[Round "2"]
[White "Balinov,I"]
[Black "Draganova,P"]
[Result "1/2-1/2"]
[WhiteElo "2388"]
[BlackElo "2069"]

1.Nf3 d5 2.g3 Nf6 3.Bg2 c6 4.d4 Bf5 5.Nbd2 Nbd7 6.c4 e6 7.Nh4 Bg6 8.O-O Be7
9.cxd5 exd5 10.Nxg6 hxg6 11.e4 dxe4 12.Re1 Kf8 13.Nxe4 Nxe4 14.Rxe4 Nf6 15.Re3 Qd7
16.Rb3 Rd8 17.Be3 Ng4 18.Rxb7 Qxb7 19.Qxg4 Qxb2 20.Rc1 Qxa2 21.Bxc6 Qe6 22.Qxe6 fxe6
23.Be4 g5 24.Rc7 a6 25.Ra7 Rh6 26.Rxa6 e5 27.Rxh6 gxh6 28.dxe5 Kg7 29.f4 gxf4
30.gxf4 Bh4 31.Kg2 Kf7 32.Kh3 Be1 33.f5 Bd2 34.Bb6 Rc8 35.Bd5+ Kg7 36.Kg4 Rb8
37.f6+ Kg6 38.Be4+ Kf7 39.Bc7 Rg8+ 40.Kf3 Ke6 41.Bc2 Rc8 42.Bb3+ Kd7 43.Bd6 Bg5
44.f7 Be7 45.Kf4 Bxd6 46.exd6 Kxd6 47.Kf5 Ke7 48.Kg6 h5 49.h4 Rc3 50.Bd5 Kf8  1/2-1/2

[Event "EYg18"]
[Site "Herceg Novi SCG"]
[Date "2005.09.18"]
[Round "5"]
[White "Ivekovic,I"]
[Black "Plivcevic,I"]
[Result "1-0"]
[WhiteElo "1923"]
[BlackElo "2021"]

1.Nf3 d5 2.g3 Nf6 3.Bg2 c5 4.O-O Nc6 5.d4 cxd4 6.Nxd4 e5 7.Nxc6 bxc6 8.c4 e4
9.Nc3 Bb4 10.cxd5 Bxc3 11.bxc3 cxd5 12.Ba3 Qc7 13.Qd4 Ba6 14.Qa4+ Nd7 15.Qxa6 f5
16.Qe6+  1-0

[Event "10th ECC w"]
[Site "Saint Vincent ITA"]
[Date "2005.09.18"]
[Round "1"]
[White "Chelushkina,I"]
[Black "Grabuzova,T"]
[Result "0-1"]
[WhiteElo "2330"]
[BlackElo "2332"]

1.g3 d5 2.Nf3 c5 3.Bg2 Nf6 4.O-O e6 5.c4 Nc6 6.cxd5 exd5 7.d4 Be7 8.Nc3 O-O
9.Bg5 c4 10.Ne5 Be6 11.b3 Rc8 12.bxc4 dxc4 13.Rb1 Nxd4 14.Rxb7 Bc5 15.e3 Nf5
16.Nc6 Qxd1 17.Rxd1 Nd6 18.Ne7+ Kh8 19.Nxc8 Nxb7 20.Nxa7 Bxa7 21.Bxb7 Nd7
22.Bd5 Ne5 23.Be7 Re8 24.Bxe6 fxe6 25.Rd8 Rxd8 26.Bxd8 Bc5 27.Ba5 Nc6 28.Na4 Ba3
29.Bc3 Nb4 30.Bxb4 Bxb4 31.Nb2 c3 32.Nd3 c2 33.a4 e5 34.e4 Bd2 35.Kf1 c1=Q+
36.Nxc1 Bxc1 37.a5 Ba3 38.Ke2 Bc5 39.f4 Kg8 40.Kd3 Kf7 41.Kc4 Bg1 42.Kd5 exf4
43.gxf4 Bxh2 44.a6 Bg1 45.Kd6 Ke8 46.Ke6 Be3 47.e5 h5 48.Kf5 g6+ 49.Ke4 Ba7
50.f5 g5 51.f6 g4 52.Kf4 Bb8 53.Ke4 h4 54.Ke3 h3 55.Kf2 Bxe5  0-1

[Event "ch-Arab"]
[Site "Dubai UAE"]
[Date "2005.09.20"]
[Round "9"]
[White "Jasim,A"]
[Black "Ali,O"]
[Result "1-0"]
[WhiteElo "2318"]
[BlackElo "2124"]

1.Nf3 d5 2.g3 e6 3.Bg2 f5 4.c4 Nf6 5.O-O Bd6 6.d3 O-O 7.Nc3 c6 8.e4 Nbd7
9.Re1 dxe4 10.dxe4 Ne5 11.exf5 Nxf3+ 12.Qxf3 exf5 13.Be3 Ng4 14.Rad1 Nxe3
15.Qxe3 Qf6 16.Qd4 Qxd4 17.Rxd4 Bc5 18.Rd2 f4 19.a3 fxg3 20.hxg3 a5 21.Na4 Ba7
22.Re7 Rb8 23.c5 Kh8 24.f3 h5 25.Nb6 Bf5 26.g4 hxg4 27.fxg4 Bxg4 28.Rd4 Bf5
29.Rh4+ Kg8 30.Bf1 Rf6 31.Bc4+ Kf8 32.Rc7 Rh6 33.Rxh6 gxh6 34.Rf7+ Ke8 35.Rxf5 Rd8
36.Re5+ Kf8 37.b3 Rd4 38.a4 Rg4+ 39.Kf2 Rg5 40.Rxg5 hxg5 41.Kf3 Kg7 42.Be6 Kf6
43.Bc8 Ke5 44.Ke3 Bxb6 45.cxb6 Kd5 46.Bxb7 Kc5 47.Bc8 Kxb6 48.Kd4 Kc7 49.Bg4 Kd6
50.Kc4  1-0

[Event "21st ECC"]
[Site "Saint Vincent ITA"]
[Date "2005.09.20"]
[Round "3"]
[White "Karlsson,L"]
[Black "Portisch,L"]
[Result "1/2-1/2"]
[WhiteElo "2472"]
[BlackElo "2536"]

1.Nf3 d5 2.g3 Nf6 3.Bg2 c6 4.b3 Bg4 5.Bb2 Nbd7 6.O-O e6 7.c4 Bd6 8.d4 O-O
9.Nbd2 Qb8 10.Rc1 Rd8 11.cxd5 exd5 12.Qc2 Bh5 13.a3 a5 14.Rfe1 Re8 15.e3 Bg6
16.Qd1 h6 17.Nh4 Bh7 18.Bh3 Qd8 19.Bf5 Bxf5 20.Nxf5 Bf8 21.Nh4 g6 22.Qc2 h5
23.Re2 Ne4 24.f3 Nxd2 25.Qxd2 Qb6 26.Qd3 Bg7 27.Ng2 Re7 28.Kh1 Nf6 29.a4 Ree8
30.Ba3 Qd8 31.Rce1 Qd7 32.Qc2 Nh7 33.Nf4 b6 34.Kg2 Rac8 35.h4 Nf6 36.Nd3 Bh6
37.Bb2 Qe6 38.Nf2 Qd7 39.Nd3 Qe6 40.Nf2 Bg7 41.Nd3 Qd6 42.Nf2 Qd7 43.Rd1 Re7
44.Nd3 Qb7 45.Nf4 Rd7 46.e4 dxe4 47.fxe4 Re8 48.Kg1 Rc8 49.Qd2 Rcd8 50.d5 cxd5
51.Bxf6 Bxf6 52.exd5 Qc7  1/2-1/2

[Event "EYg18"]
[Site "Herceg Novi SCG"]
[Date "2005.09.21"]
[Round "7"]
[White "Ivekovic,I"]
[Black "Khudaya,A"]
[Result "0-1"]
[WhiteElo "1923"]
[BlackElo "2117"]

1.Nf3 d5 2.g3 Nf6 3.Bg2 c5 4.O-O Nc6 5.d4 e6 6.b3 b6 7.Bb2 Bb7 8.e3 Be7 9.Nbd2 O-O
10.a3 Rc8 11.Re1 Qc7 12.c4 Rfd8 13.Rc1 Ne4 14.Qc2 Nxd2 15.Nxd2 dxc4 16.dxc5 cxb3
17.Nxb3 b5 18.Nd4 Nxd4 19.exd4 Bxg2 20.Kxg2 Qc6+ 21.Kg1 Bf6 22.Rcd1 h6 23.f4 Rd5
24.Qe4 Qd7 25.Re3 Rcxc5 26.Red3 Rc4 27.R3d2 a5 28.Qe3 Qc6 29.Qe2 g6 30.Qf2 Kg7
31.Qe2 Qb6 32.Qf2 Qc6 33.Qe2 Qc7 34.Qf2 Be7 35.Qe3 b4 36.axb4 Bxb4 37.Re2 a4
38.Rc1 Rxc1+ 39.Bxc1 Qc4 40.Bb2 Kh7 41.Kf2 a3 42.Bxa3 Bxa3 43.Qxa3 Qxd4+
44.Kf3 Qd1 45.Kf2 Qh1 46.Ke3 Qg1+ 47.Rf2 Rd2 48.Kxd2 Qxf2+ 49.Kd1 Qg1+ 50.Ke2 Qxh2+
51.Kf3 Qh5+ 52.Ke4 Qf5+ 53.Kf3 g5 54.Qc3 gxf4 55.gxf4 e5 56.Qxe5 Qxe5 57.fxe5 Kg6
58.Kg4 h5+ 59.Kf4 h4 60.Kg4  0-1